MCA executive market intelligence reports (Record no. 106673)

MARC details
000 -LEADER
fixed length control field 00727cam a2200193 4500
001 - CONTROL NUMBER
control field L137170
008 - FIXED-LENGTH DATA ELEMENTS--GENERAL INFORMATION
fixed length control field 070320s2007 xxk f 000 0 eng d
035 ## - SYSTEM CONTROL NUMBER
System control number (Sirsi) u137170
041 0# - LANGUAGE CODE
Language code of text/sound track or separate title eng
110 2# - MAIN ENTRY--CORPORATE NAME
Corporate name or jurisdiction name as entry element Management Consultancies Association
9 (RLIN) 516
245 00 - TITLE STATEMENT
Title MCA executive market intelligence reports
Medium [electronic resource]
260 ## - PUBLICATION, DISTRIBUTION, ETC.
Place of publication, distribution, etc. London
Name of publisher, distributor, etc. MCA
Date of publication, distribution, etc. 2007
520 ## - SUMMARY, ETC.
Summary, etc. Research series on topics relating to the consulting industry commissioned by a professional organization representing management consultants.
590 ## - LOCAL NOTE (RLIN)
Local note KA
651 #4 - SUBJECT ADDED ENTRY--GEOGRAPHIC NAME
Geographic name United Kingdom
Chronological subdivision
690 ## - LOCAL SUBJECT ADDED ENTRY--TOPICAL TERM (OCLC, RLIN)
Topical term or geographic name as entry element MANAGEMENT-BUSINESS MANAGEMENT
856 48 - ELECTRONIC LOCATION AND ACCESS
Uniform Resource Identifier <a href="https://www.mca.org.uk/reports">https://www.mca.org.uk/reports</a>
Public note View the item free of charge at www.mca.org.uk
942 ## - ADDED ENTRY ELEMENTS (KOHA)
Suppress in OPAC 0
Holdings
Withdrawn status Lost status Source of classification or shelving scheme Damaged status Not for loan Home library Current library Shelving location Date acquired Total Checkouts Full call number Barcode Date last seen Copy number Price effective from Koha item type
    Dewey Decimal Classification     Virtual Virtual Online 20/03/2007   ONLINE PUBLICATION 137170-1001 06/08/2019 1 06/08/2019 Book